| 000 | 01538nam a2200373 a 4500 | ||
|---|---|---|---|
| 001 | vtls000381529 | ||
| 003 | NLI | ||
| 005 | 20210602181719.0 | ||
| 008 | 120702s2002 ii f100 m eng d | ||
| 039 | 9 |
_a201207021933 _bVLOAD _c201205252148 _dVLOAD _y201101132359 _zVLOAD |
|
| 040 |
_aNLI : _beng _cNLMARC21 |
||
| 041 | 0 | _aeng | |
| 044 | _aii | ||
| 082 | 0 | _a337.54 | |
| 110 | 1 |
_aIndia. _bPrime Minister (1998-2004 . Atal Bihari Vajpayee ) _9561393 |
|
| 245 | 1 | 0 |
_aStrengthening Indo - Singaporean economic partnership/ _cAtal Bihari Vajpayee |
| 260 |
_aNew Delhi : _bDirectorate of Advertising and Visual Publicity, Ministry of Information and Broadcasting, Govt. of India, _c2002 |
||
| 300 |
_a7 p.; _c21 cm. |
||
| 500 | _aText of the Prime Minister, Shri Atal Bihari Vajpayee's at the Indian Business Forum in Singapore on 8.04.2002 | ||
| 600 | 0 |
_aVajpayee, Atal Bihari _d1926- _xSpeeches, addresses, etc _97861 |
|
| 650 | 0 |
_aPartnership _zIndia _xSpeeches, addresses _9568148 |
|
| 650 | 0 |
_aInternational economic relations _xSpeeches, addresses, etc _9239724 |
|
| 651 | 0 |
_aIndia _xForeign economic relations _9273706 |
|
| 700 | 1 |
_aVajpayee, Atal Bihari _d1926- _96658 |
|
| 710 | 1 |
_aIndia. _bMinistry of Information and Broadcasting. _bDirectorate of Advertising and Visual Publicity _4pbl. |
|
| 887 | _aShila sr | ||
| 901 |
_aIOD128322 _b12.11.04 |
||
| 902 | _aGP 337.54095704 In 2 | ||
| 904 | _aShila | ||
| 905 | _asr | ||
| 942 |
_2ddc _cBKS |
||
| 949 |
_AVIRTUAITEM _D10003 _X100 _6IOD000128322ENG |
||
| 999 |
_aVIRTUA40 _c338043 _d338043 |
||